El jardín mediterráneo: técnica y arte

Đã lưu trong:
Chi tiết về thư mục
Tác giả chính: Juan y Seva San Martín, Alberto (Tác giả)
Định dạng: Sách
Ngôn ngữ:Tiếng Tây Ban Nha
Được phát hành: Madrid Mundi-Prensa 1998
Những chủ đề:
Các nhãn: Thêm thẻ
Không có thẻ, Là người đầu tiên thẻ bản ghi này!

MARC

LEADER 00000nam a2200000 a 4500
001 UCM0617
003 CL-VaPUC
008 020301e19980000SP |||||||||||||||||spa|d
082 0 4 |a 712.6  |b JUA  |2 21 
100 0 |a Juan y Seva San Martín, Alberto  |e author  |9 467539 
245 1 3 |a El jardín mediterráneo: técnica y arte 
300 |a 178 p 
942 |c BK 
945 |d 20020301 00:00:00  |a cmena 
260 |a Madrid  |b Mundi-Prensa  |c 1998 
650 0 |a Jardinería   |9 310804 
650 0 |a Arquitectura del paisaje  |9 268210 
650 0 |a Paisajismo  |9 269021 
583 |a last modification  |c 20020301 00:00:00  |k Rodrigo Vera 
999 |c 299498  |d 299496 
952 |0 0  |1 0  |4 0  |6 712_600000000000000_JUA_1998  |7 0  |8 A  |9 356088  |a BIBAGR  |b BIBAGR  |d 2019-11-21  |i 3740064  |o 712.6 JUA 1998  |p 3740064  |r 2025-01-20  |w 2019-11-21  |y BK  |k AGR